[Event "IECG QD.2003.0.00042 email"]
[Site "IECG email"]
[Date "2003.06.29"]
[Round "?"]
[White "Sanchez Fernandez, Javier"]
[Black "Just, Bent"]
[Result "1-0"]
[WhiteElo "1435"]
[BlackElo "1453"]
[PlyCount "49"]
[EventDate "2003.06.29"]
[EventType "tourn (corr)"]
[EventRounds "6"]
[SourceTitle "Corr 2024"]
[Source "ChessBase"]
[SourceDate "2023.10.19"]
[SourceVersion "1"]
[SourceVersionDate "2023.10.19"]
[SourceQuality "1"]

1. c4 c6 2. Nc3 d5 3. d4 Nf6 4. Nf3 dxc4 5. e4 b5 6. d5 b4 7. Na4 Nxe4 8. Bxc4 e6 9. 0-0 cxd5 10. Bd3 Bb7 11. Bxe4 dxe4 12. Qxd8+ Kxd8 13. Ne5 Ke8 14. b3 Nc6 15. Nxc6 Bxc6 16. Nb2 Bb5 17. Re1 f5 18. Bf4 Rd8 19. Rad1 Rd5 20. Rxd5 exd5 21. Be5 Kd7 22. Rc1 Ke6 23. Bd4 Bd6 24. Bxg7 Rc8 25. Rxc8 1-0

[Event "IECG QD.2003.0.00042 email"]
[Site "IECG email"]
[Date "2003.06.29"]
[Round "?"]
[White "Tessieri, Franco"]
[Black "Sanchez Fernandez, Javier"]
[Result "1-0"]
[WhiteElo "1400"]
[BlackElo "1435"]
[PlyCount "41"]
[EventDate "2003.06.29"]
[EventType "tourn (corr)"]
[EventRounds "6"]
[SourceTitle "Corr 2024"]
[Source "ChessBase"]
[SourceDate "2023.10.19"]
[SourceVersion "1"]
[SourceVersionDate "2023.10.19"]
[SourceQuality "1"]

1. d4 Nf6 2. c4 e6 3. Nf3 d5 4. Nc3 Bb4 5. Bg5 c6 6. e3 Nbd7 7. cxd5 exd5 8. Bd3 0-0 9. Qc2 Re8 10. Bxh7+ Kf8 11. 0-0-0 a5 12. Bd3 b5 13. Kb1 a4 14. h3 Re7 15. Rde1 Qa5 16. Rc1 Bb7 17. a3 Bd6 18. e4 dxe4 19. Nxe4 Re6 20. Nxd6 Rxd6 21. Bd2 1-0